01063nam0a22002171 4500001001000000005001700010035002600027100004100053101000800094102000700102105001800109200027700127210003400404215001500438320003300453702010100486712019900587801001800786801002200804852001900826rc\17229920260406175705.0 a(NLR Aleph) 005434479 a20030307d1992 |||y0rusy50 ca0 arus aRU ay |||||||||1 aОСНОВЫ политологииeМетод. материалы к учеб. курсу для преподавателей и студентовfСарат. гос. ун-т. Каф. полит. наукg[Подгот. к. ист. н. А.А. Вилков и др.] aСаратовcБ. и.d1992 a47 с.d21 aБиблиогр.: с. 26-39 145707ca8rusaВилковbА. А.gАлександр Алексеевич3RU\NLR\AUTH\77538802aСаратовский государственный университет им. Н. Г. ЧернышевскогоbКафедра политических наук3RU\NLR\AUTH\889944029 0aRUbNLRgpsbo 1aRUbELAR2rusmarc aNLRj92-4/4108